000 00530nam a22001577a 4500
999 _c11725
_d11725
008 181220b ||||| |||| 00| 0 eng d
020 _a971542888
082 _22001
_aDFil 899.211
_bP53
245 _aThe house in the woods (Tagalog)/
_cDamiana L. Eugenio [Compiler and Editor]
260 _aQuezon City:
_bUP Press,
_cc2001.
300 _apage 101-103.
_c23 cm.
500 _aPhilippine folk literature: The folktales
650 _aFolklore
_933478
650 _aPhilippine folk literature--Collection
_933479
942 _2ddc
_cDFIL